000 00301nam a22001337a 4500
082 _a894.812
100 _aKRISHNAN NAIR N, THOTTAYIL
245 _aRAKTHARAKSHASSU
250 _aTHIRD
260 _aTHRISSUR
_bH&C PUBLISHING HOUSE
_c2008
300 _a80
650 _aSHORT STORY
_zKERALA
942 _cBK
999 _c1423
_d1423